书目信息 |
| 题名: |
高校外语教学研究
|
|
| 作者: | 矫婷羽, 著 | |
| 分册: | ||
| 出版信息: | 北京 新华出版社 2021.01 |
|
| 页数: | 138页 | |
| 开本: | 24cm | |
| 丛书名: | ||
| 单 册: | ||
| 中图分类: | H3-42 | |
| 科图分类: | ||
| 主题词: | 外语教学--wai yu jiao xue--教学研究--高等学校 | |
| 电子资源: | ||
| ISBN: | 978-7-5166-5650-1 | |
| 000 | 01226nam0 2200253 450 | |
| 001 | CAL 0120227431186 | |
| 005 | 20230217093113.0 | |
| 010 | @a978-7-5166-5650-1@dCNY38.00 | |
| 100 | @a20220625d2021 em y0chiy0120 ea | |
| 101 | 0 | @achi |
| 102 | @aCN@b110000 | |
| 105 | @ay a 000yy | |
| 106 | @ar | |
| 200 | 1 | @a高校外语教学研究@Agao xiao wai yu jiao xue yan jiu@f矫婷羽著 |
| 210 | @a北京@c新华出版社@d2021.01 | |
| 215 | @a138页@d24cm | |
| 314 | @a矫婷羽, 女, 1989年11月生。硕士研究生, 讲师, 现为鲁迅美术学院基础教学部教师。 | |
| 320 | @a有书目 (第137-138页) | |
| 330 | @a本书共包含九章。第一章研究了我国高校外语教学发展的现状。第二章研究了我国高校英语教学面临的问题。第三章研究了高校外语教学改革的必要性。第四章对高校外语教学模式进行了探索。第五章研究了外语教学改革中的教师自身素质建设。第六章研究了教师角色改变对教学改革的作用。第七章从教育价值观角度研究高校外语教学改革。第八章对新媒体语境下高校信息化教学进行研究。第九章对信息技术与高校外语教学课程整合进行了研究。以期对大学英语教育的改革、发展略尽绵薄之力。 | |
| 606 | 0 | @a外语教学@Awai yu jiao xue@x教学研究@x高等学校 |
| 690 | @aH3-42@v5 | |
| 701 | 0 | @a矫婷羽,@Ajiao ting yu@f1989-@4著 |
| 801 | 0 | @aCN@bBJXHZP@c20230228 |
| 905 | @b1380803-6@dH3-42@e1627@f4 | |
| 高校外语教学研究/矫婷羽著.-北京:新华出版社,2021.01 |
| 138页;24cm |
| ISBN 978-7-5166-5650-1:CNY38.00 |
| 本书共包含九章。第一章研究了我国高校外语教学发展的现状。第二章研究了我国高校英语教学面临的问题。第三章研究了高校外语教学改革的必要性。第四章对高校外语教学模式进行了探索。第五章研究了外语教学改革中的教师自身素质建设。第六章研究了教师角色改变对教学改革的作用。第七章从教育价值观角度研究高校外语教学改革。第八章对新媒体语境下高校信息化教学进行研究。第九章对信息技术与高校外语教学课程整合进行了研究。以期对大学英语教育的改革、发展略尽绵薄之力。 |
| ● |
| 相关链接 |
|
|
|
|
正题名:高校外语教学研究
索取号:H3-42/1627
 
预约/预借
| 序号 | 登录号 | 条形码 | 馆藏地/架位号 | 状态 | 备注 |
| 1 | 1380803 | 213808030 | 第二样本阅览室/ [索取号:H3-42/1627] | 在馆 | |
| 2 | 1380804 | 213808049 | 第四借阅区/ [索取号:H3-42/1627] | 在馆 | |
| 3 | 1380805 | 213808058 | 第四借阅区/ [索取号:H3-42/1627] | 在馆 | |
| 4 | 1380806 | 213808067 | 第四借阅区/ [索取号:H3-42/1627] | 在馆 |